Propuestas de estrategias en ciberseguridad para la era de la inteligencia artificial / (Registro nro. 4847)

Detalles MARC
000 -LEADER
fixed length control field 03070nam a2200289 4500
003 - CONTROL NUMBER IDENTIFIER
control field CO-CtgCURN
005 - DATE AND TIME OF LATEST TRANSACTION
control field 20250329165449.0
008 - FIXED-LENGTH DATA ELEMENTS--GENERAL INFORMATION
fixed length control field 160531s2024 000 0 eng d
040 ## - CATALOGING SOURCE
Original cataloging agency CO-CtgCURN
Language of cataloging spa
Transcribing agency coctgcurn
082 0# - DEWEY DECIMAL CLASSIFICATION NUMBER
Classification number INS 2024
Item number S161
100 1# - MAIN ENTRY--PERSONAL NAME
Personal name Salcedo León, Lincon.
245 10 - TITLE STATEMENT
Title Propuestas de estrategias en ciberseguridad para la era de la inteligencia artificial /
Statement of responsibility, etc. Lincon Salcedo León.
260 ## - PUBLICATION, DISTRIBUTION, ETC.
Place of publication, distribution, etc. Cartagena de Indias :
Name of publisher, distributor, etc. Corporación Universitaria Rafael Nuñez,
Date of publication, distribution, etc. 2024.
300 ## - PHYSICAL DESCRIPTION
Extent 18 hojas.
336 ## - CONTENT TYPE
Source rdacontent
337 ## - MEDIA TYPE
Source rdamedia
Media type term sin mediacion
Media type code n
338 ## - CARRIER TYPE
Source rdacarrier
Carrier type term volumen
Carrier type code nc
502 ## - DISSERTATION NOTE
Dissertation note Trabajo de grado (Ingeniero de Sistemas). Corporación Universitaria Rafael Nuñez. Programa de Ingenieria de Sistemas, 2024.
504 ## - BIBLIOGRAPHY, ETC. NOTE
Bibliography, etc. note Incluye bibliografia.
590 ## - LOCAL NOTE (RLIN)
Local note Ingenieria de Sistemas
520 8# - SUMMARY, ETC.
Summary, etc. "El objetivo principal de este artículo consiste en realizar una revisión integral y práctica de la literatura con el fin de proponer estrategias para fortalecer la ciberseguridad en el actual auge era de la Inteligencia Artificial (IA), en este se indagaron tanto los principales desafíos como las oportunidades en este campo emergente y dinámico, para ello, se realizó una búsqueda, recopilación y análisis de información en diversas bases de datos como Scielo, Redalyc y Google Academic, lo anterior permitió recopilar diferentes artículos, trabajos de grado, informes gubernamentales, documentos de organizaciones internacionales, blogs, páginas oficiales, posibilitando documentar las estrategias propuestas, así como, la exploración de los desafíos éticos y legales asociados, la provisión de recomendaciones concretas y orientadas a la acción, y la identificación de áreas de investigación y desarrollo futuro.El artículo presenta una serie de estrategias para minimizar las vulnerabilidades en la red y proteger los sistemas de inteligencia artificial (IA) contra posibles amenazas. Estas estrategias incluyen el análisis de comportamiento basado en IA, la detección avanzada de amenazas, la protección de modelos de IA, la auditoría y transparencia, el entrenamiento y concienciación del personal, así como la colaboración y compartición de información entre organizaciones y expertos en seguridad cibernética. Además, se destacan medidas específicas para garantizar la seguridad de los datos, la detección de anomalías, la resistencia a ataques, la implementación de actualizaciones y parches, la educación y concienciación del personal, la seguridad en el despliegue y la auditoría y supervisión periódica de la ciberseguridad de los sistemas de IA.."
650 #0 - SUBJECT ADDED ENTRY--TOPICAL TERM
Topical term or geographic name entry element Ingenieria de Sistemas
Form subdivision Tesis y disertaciones academicas.
700 1# - ADDED ENTRY--PERSONAL NAME
Relator term director.
856 7# - ELECTRONIC LOCATION AND ACCESS
Uniform Resource Identifier <a href="https://unicurn.sharepoint.com/:b:/s/biblioteca/ESZP04xlXg1HlUWZw6F9MRABNgj5v7q3jr6b3_H_vfQOBA?e=lcsFfT">https://unicurn.sharepoint.com/:b:/s/biblioteca/ESZP04xlXg1HlUWZw6F9MRABNgj5v7q3jr6b3_H_vfQOBA?e=lcsFfT</a>
Public note Click aqui para ver el recurso en texto completo
942 ## - ADDED ENTRY ELEMENTS (KOHA)
Classification part INS 2024
Item part S161
Source of classification or shelving scheme Dewey Decimal Classification
Koha item type Trabajos de grado
Existencias
Withdrawn status Lost status Damaged status Not for loan Collection Home library Current library Shelving location Date acquired Cost, normal purchase price Inventory number Total checkouts Full call number Barcode Date last seen Price effective from Koha item type
        Trabajos de grado Miguel Henríquez Castañeda Miguel Henríquez Castañeda Trabajo de grado 09/23/2018 35000.00 02698   INS 2024 S161 025383 03/29/2025 03/29/2025 Trabajos de grado